The courage to heal : (Record no. 17541)

MARC details
000 -LEADER
fixed length control field 00682nam a2200253 i 4500
001 - CONTROL NUMBER
control field C2-0086193
003 - CONTROL NUMBER IDENTIFIER
control field PPAK
005 - DATE AND TIME OF LATEST TRANSACTION
control field 20180727090856.0
008 - FIXED-LENGTH DATA ELEMENTS--GENERAL INFORMATION
fixed length control field 970430s1990 enk |||| ||||| | eng d
020 ## - INTERNATIONAL STANDARD BOOK NUMBER
International Standard Book Number 0749309385
040 ## - CATALOGING SOURCE
Original cataloging agency PPAK
Language of cataloging eng
Transcribing agency PPAK
Description conventions rda
082 04 - DEWEY DECIMAL CLASSIFICATION NUMBER
Classification number 616.85
Edition number 23
090 00 - LOCALLY ASSIGNED LC-TYPE CALL NUMBER (OCLC); LOCAL CALL NUMBER (RLIN)
Classification number (OCLC) (R) ; Classification number, CALL (RLIN) (NR) 616.85
Feature heading BAS
Feature heading G
100 1# - MAIN ENTRY--PERSONAL NAME
Personal name Bass, Ellen,
Relator term author
245 14 - TITLE STATEMENT
Title The courage to heal :
Remainder of title a guide for women survivors of child sexual abuse
264 #1 - PRODUCTION, PUBLICATION, DISTRIBUTION, MANUFACTURE, AND COPYRIGHT NOTICE
Place of production, publication, distribution, manufacture London :
Name of producer, publisher, distributor, manufacturer Cedar ,
Date of production, publication, distribution, manufacture, or copyright notice 1990
300 ## - PHYSICAL DESCRIPTION
Extent 495 pages ;
Dimensions 21 cm
336 ## - CONTENT TYPE
Source rdacontent
Content type term text
337 ## - MEDIA TYPE
Source rdamedia
Media type term unmediated
338 ## - CARRIER TYPE
Source rdacarrier
Carrier type term volume
650 10 - SUBJECT ADDED ENTRY--TOPICAL TERM
Topical term or geographic name entry element Sex crimes
700 ## - ADDED ENTRY--PERSONAL NAME
Relator term author
942 ## - ADDED ENTRY ELEMENTS (KOHA)
-- dc
Koha item type Book
Holdings
Withdrawn Not for loan Current library Shelving location Date acquired Full call number Barcode Date last seen Koha item type
    Perpustakaan Alor Setar Pinjaman Dewasa 15/05/1997 616.85 BAS A00037212 08/05/2018 Book
    Perpustakaan Alor Setar Pinjaman Dewasa 05/08/1997 616.85 BAS A00041782 08/05/2018 Book
    Perpustakaan Awam Sungai Petani Pinjaman Dewasa 28/01/2004 616.85 BAS A00415078 08/05/2018 Book